| 000 | 00315cam a22001097a 4500 | ||
|---|---|---|---|
| 008 | 180718b1960 xxu||||| |||| 00| 0 eng d | ||
| 082 | _aL002x5411 As72d | ||
| 100 | _aAssam. Finance Department | ||
| 245 | _aDelegation of financial powers rules, 1960 | ||
| 260 |
_aShillong _bFinance Department _c1960 |
||
| 300 | _a116p. | ||
| 999 |
_c490456 _d490456 |
||